000 00407nam a2200133Ia 4500
008 100328s9999 xx 000 0 und d
082 _b58892
100 _aआशू रावजी आणि कानडे दिनू.
245 _aआचार्य.
260 _bडॉल्फिन लायब्ररी.
630 _aआचार्य.
730 _aआचार्य.
942 _cBOOK
999 _c545163
_d545160